Simplified methods in pressure vessel analysis : presented at 1978 ASME/CSME Montreal Pressure Vessel & Piping Conference, Montreal, Quebec, Canada, June 25-29, 1978 /
Guardado en:
| Autores Corporativos: | , |
|---|---|
| Otros Autores: | |
| Formato: | Libro |
| Idioma: | English |
| Publicado: |
New York :
American Society of Mechanical Engineers,
c1978.
|
| Materias: | |
| Etiquetas: |
Agregar Etiqueta
Sin Etiquetas, Sea el primero en etiquetar este registro!
|
| LEADER | 01377cam a22002775a 4500 | ||
|---|---|---|---|
| 001 | EIQ.libpla002049 | ||
| 008 | 780926s1978####nyua#####b####100#0#eng#d | ||
| 005 | 20070403192313.0 | ||
| 245 | 1 | 0 | |a Simplified methods in pressure vessel analysis : |b presented at 1978 ASME/CSME Montreal Pressure Vessel & Piping Conference, Montreal, Quebec, Canada, June 25-29, 1978 / |c sponsored by Design & Analysis Committee, Pressure Vessel & Piping Division, The American Society of Mechanical Engineers ; edited by R. S. Barsoum. |
| 260 | |a New York : |b American Society of Mechanical Engineers, |c c1978. | ||
| 300 | |a v, 127 p. : |b il. ; |c 26 cm. | ||
| 500 | |a "PVP-PB-029." | ||
| 504 | |a Incluye referencias bibliográficas. | ||
| 111 | 2 | |a ASME/CSME Montreal Pressure Vessel & Piping Conference, |d 1978. | |
| 700 | 1 | |a Barsoum, R. S., |e ed. |4 edt | |
| 710 | 2 | |a American Society of Mechanical Engineers. |b Pressure Vessels and Piping Division. |b Design and Analysis Committee. | |
| 082 | 0 | 0 | |a 681/.76041 |2 19 |
| 650 | 4 | |a Recipientes de presión |x Diseño. | |
| 650 | 4 | |a Recipientes de presión |x Construcción. | |
| 650 | 4 | |a Recipientes de presión |x Congresos. | |
| 650 | 4 | |a Pressure vessels |x Construction. | |
| 650 | 4 | |a Pressure vessels |x Design. | |
| 650 | 4 | |a Pressure vessels |x Congresses. | |
| 010 | |a 78051570 | ||
| 040 | |a DLC |c DLC |d AR-BbSID | ||
| 859 | |a AR-BbSID |b BIB. PLAPIQUI |h 660.281 |i As 53 |p 2113 | ||
